| 000 | 00955nas a2200301 4500 | ||
|---|---|---|---|
| 001 | BR2015001696 | ||
| 003 | BR-BrBNA | ||
| 005 | 20231205125208.0 | ||
| 007 | ta | ||
| 008 | 230509b bl.|||p| |||| 00| 00por d | ||
| 040 |
_aBR-BrBNA _bpor _cBiblioteca Nacional de Agricultura |
||
| 041 | _a(En) | ||
| 072 | _aP33; F01; F61 | ||
| 100 | 1 | _aAraújo, S.A.M. de | |
| 100 | 1 | _aSilveira, J.A.G. | |
| 100 | 1 | _aAlmeida, T.D. | |
| 100 | 1 | _aRocha, I.Z.M.A. | |
| 100 | 1 | _aMorais, D.L. | |
| 100 | 1 | _aViégas, R.A. | |
| 245 | 1 | _aSalinity tolerance of halophyte Atriplex nummularia L. grown under increasing NaCl levels | |
| 650 | _aCLORETO DE SÓDIO | ||
| 650 | _aÍON | ||
| 650 | _aQUÍMICA DO SOLO | ||
| 650 | _aNUTRIÇÃO VEGETAL | ||
| 773 | 0 |
_tRevista Brasileira de Engenharia Agrícola e Ambiental (Brasil) _xISSN 1415-4366 _g(Oct-Dec 2006), v. 10(4) p. 848-854 _wBR2015001696 |
|
| 909 |
_a202311 _bLúcia _c55 _dLúcia Elande |
||
| 942 |
_2AGRIS _n0 _cANA |
||
| 999 |
_c243150 _d243150 |
||